Band of Brothers - Picture Quiz Stats

 Plays Quiz not verified by Sporcle

Score 0/11 Timer 04:00
2 Plays Today
% Correct
Maj. Richard Winters
97.9%
1st Lt. Lynn 'Buck' Compton
86.8%
Capt. Lewis Nixon
86.8%
TSgt. Donald Malarkey
77%
Cpl. Eugene Roe
73.4%
SSgt. Joseph Toye
70.9%
Sgt. George Luz
63.1%
Sgt. Warren 'Skip' Muck
59.6%
SSgt. Floyd Talbert
48.2%
1st Lt. Harry Welsh
36.4%
Cpl. Joseph Liebgott
24.7%

You're not logged in!

Compare scores with friends on all Sporcle quizzes.
OR
Log In

You Might Also Like...

Show Comments

Extras

Top Quizzes Today


Score Distribution

Your Account Isn't Verified!

In order to create a playlist on Sporcle, you need to verify the email address you used during registration. Go to your Sporcle Settings to finish the process.

Report this User

Report this user for behavior that violates our Community Guidelines.

Details: